| 000 | 00472nam a2200193Ia 4500 | ||
|---|---|---|---|
| 003 | OSt | ||
| 005 | 20240209124846.0 | ||
| 008 | 210210b1918 xxu||||| |||| 00| 0 eng d | ||
| 040 | _cAL | ||
| 041 | _aeng | ||
| 082 | _a954/550 | ||
| 100 |
_a- _9150160 |
||
| 245 | _aReport on Indian constitutional reforms | ||
| 260 |
_aCalcutta _bSuperintendent Government Printing _c1918 |
||
| 300 | _a237 | ||
| 690 |
_aIndian History _9150166 |
||
| 906 | _a000249 | ||
| 942 |
_2ddc _cBK |
||
| 999 |
_c121030 _d121030 |
||